Pays les plus proches de Pakistan - 30 secondes sprint - Statistiques

Statistiques générales
  • Ce quiz a été pris 40 fois
  • Le résultat moyen est 9 sur 20
Statistiques - réponses
km pays % Correct
0 Afghanistan
96%
0 Inde
93%
0 Iran
68%
0 Chine
64%
530 Kazakhstan
54%
262 Kirghizistan
54%
550 Népal
54%
16 Tadjikistan
54%
330 Ouzbékistan
50%
1407 Bangladesh
46%
1184 Irak
46%
439 Turkménistan
43%
1410 Bhoutan
32%
703 Arabie Saoudite
29%
1206 Yémen
21%
342 Oman
18%
1088 Bahreïn
14%
1208 Koweït
14%
1005 Qatar
14%
527 Émirats arabes unis
11%
Aucun quiz correspondant
Distribution des résultats
% des personnes avec chaque résultat
Percentile par nombre de réponses
Votre historique - résultats
Vous n’avez pas pris ce quiz